|
|
|
|
| LEADER |
00000naa2a2200000 4500 |
| 001 |
156934 |
| 005 |
20231031153439.0 |
| 035 |
|
|
|a (RuTPU)RU\TPU\book\170187
|
| 090 |
|
|
|a 156934
|
| 100 |
|
|
|a 20090401d2008 k y0rusy50 ca
|
| 101 |
0 |
|
|a rus
|
| 102 |
|
|
|a RU
|
| 200 |
1 |
|
|a Механические свойства газотермических покрытий на основе СВМПЭ
|f Е. А. Шишкина, Б. С. Зенин
|
| 320 |
|
|
|a Библиогр.: 4 назв.
|
| 463 |
|
0 |
|0 (RuTPU)RU\TPU\book\158722
|t Новые материалы. Создание, структура, свойства - 2008
|o труды
|o VIII Всероссийская школа-семинар с международным участием, 9-10 июня 2009 г., г. Томск
|f Томский политехнический университет (ТПУ) ; Российская академия наук (РАН), Сибирское отделение (СО), Институт физики прочности и материаловедения (ИФПМ)
|v С. 222-226
|d 2008
|p 232 с.
|
| 610 |
1 |
|
|a покрытия
|
| 610 |
1 |
|
|a газотермические покрытия
|
| 610 |
1 |
|
|a механические свойства
|
| 610 |
1 |
|
|a СВМПЭ
|
| 610 |
1 |
|
|a полимерные материалы
|
| 610 |
1 |
|
|a конструкционные материалы
|
| 610 |
1 |
|
|a труды учёных ТПУ
|
| 700 |
|
1 |
|a Шишкина
|b Е. А.
|
| 701 |
|
1 |
|a Зенин
|b Б. С.
|c специалист в области материаловедения
|c доцент Томского политехнического университета, кандидат физико-математических наук
|f 1942-
|g Борис Сергеевич
|2 stltpush
|3 (RuTPU)RU\TPU\pers\29010
|
| 801 |
|
1 |
|a RU
|b 63413507
|c 20090401
|g PSBO
|
| 801 |
|
2 |
|a RU
|b 63413507
|c 20150519
|g RCR
|
| 942 |
|
|
|c BK
|